000257418 001__ 257418 000257418 005__ 20260426040121.0 000257418 0247_ $$aG:(GEPRIS)577775488$$d577775488 000257418 035__ $$aG:(GEPRIS)577775488 000257418 040__ $$aGEPRIS$$chttp://gepris.its.kfa-juelich.de 000257418 150__ $$aUntersuchung und Förderung der Adhärenz bei der Schlafrestriktionstherapie$$y2026 - 000257418 371__ $$aLaura Simon 000257418 450__ $$aDFG project G:(GEPRIS)577775488$$wd$$y2026 - 000257418 5101_ $$0I:(DE-588b)2007744-0$$aDeutsche Forschungsgemeinschaft$$bDFG 000257418 680__ $$a 000257418 909CO $$ooai:juser.fz-juelich.de:1056498$$pauthority:GRANT$$pauthority 000257418 909CO $$ooai:juser.fz-juelich.de:1056498 000257418 980__ $$aG 000257418 980__ $$aAUTHORITY
